000 00687nam a2200289Ia 4500
005 20260324145213.0
008 008 260324s9999 xx 000 0 eng d
020 _a9781351077620
037 _aEBOOK
040 _aCRL
040 _beng
040 _cCRL
041 _2eng
041 _aeng
084 _qCRL
100 _aPhilip Molyneux
_91222124
245 0 _aWater-Soluble Synthetic Polymers
245 0 _bVolume II: Properties and Behavior
260 _bTaylor and Francis
260 _c1984
365 _a
365 _b400
856 _uhttp://www.taylorfrancis.com/books/9781351077620
942 _cEBOOK
999 _c1829713
_d1829713